| Tag |
First Indicator |
Second Indicator |
Subfields |
| LEADER |
00000cam a22000001a 4500 |
| 001 |
in00002877521 |
| 005 |
20190401170326.0 |
| 006 |
m o d |
| 007 |
cr un mmmapmmp |
| 008 |
061104s1862 dcu o f000 0 eng d |
| 035 |
|
|
|a cis2004014576
|
| 040 |
|
|
|a UMI
|c UMI
|d UtOrBLW
|
| 043 |
|
|
|a n-us---
|
| 099 |
|
|
|a ProQuest Serial Set Number 1121 S.exdoc.30
|
| 245 |
0 |
0 |
|a Message of the President of the United States, transmitting a translation of an instruction to the minister of his Majesty the King of Italy accredited to this Government, and a copy of a note to that minister from the Secretary of State, relating to the settlement of the question arising out of the capture and detention of certain citizens of the United States, passengers on board the British steamer Trent, by order of Captain Wilkes, of the United States Navy.
|
| 246 |
1 |
|
|a Presidential message transmitting instruction from King of Italy to his minister in United States, and answer from Secretary of State, on removal of James M. Mason and John Slidell from British steamer Trent
|
| 264 |
|
1 |
|a Washington :
|b [publisher not identified],
|c 1862.
|
| 300 |
|
|
|a 1 online resource.
|
| 336 |
|
|
|a text
|b txt
|2 rdacontent
|
| 337 |
|
|
|a computer
|b c
|2 rdamedia
|
| 338 |
|
|
|a online resource
|b cr
|2 rdacarrier
|
| 490 |
0 |
|
|a S.exdoc.30
|
| 500 |
|
|
|a Record is based on bibliographic data in ProQuest U.S. Serial Set Digital Collection (last viewed Nov. 2006). Reuse except for individual research requires license from ProQuest, LLC.
|
| 510 |
3 |
|
|a ProQuest U.S. Serial Set Digital Collection
|
| 500 |
|
|
|a Electronic resource.
|
| 610 |
2 |
0 |
|a Trent (Ship)
|
| 650 |
|
0 |
|a International relations.
|
| 650 |
|
0 |
|a Presidents
|v Messages.
|
| 655 |
|
7 |
|a Electronic books.
|2 local
|
| 710 |
2 |
|
|a ProQuest (Firm)
|
| 830 |
|
0 |
|a United States congressional serial set.
|
| 856 |
4 |
0 |
|u http://proxy.library.tamu.edu/login?url=http://congressional.proquest.com/congcomp/getdoc?SERIAL-SET-ID=1121+S.exdoc.30
|z Connect to the full text of this electronic book
|t 0
|
| 999 |
|
|
|a MARS
|
| 999 |
f |
f |
|s dde6367b-969e-36e2-99e2-837fad570e0a
|i c1402e92-b234-375b-9884-18ca488e368b
|t 0
|
| 952 |
f |
f |
|a Texas A&M University
|b College Station
|c Electronic Resources
|d Available Online
|t 0
|e ProQuest Serial Set Number 1121 S.exdoc.30
|h Other scheme
|
| 998 |
f |
f |
|a ProQuest Serial Set Number 1121 S.exdoc.30
|t 0
|l Available Online
|